000 00586nam a2200181Ia 4500
001 dia_6950
008 220117s1968 xx 000 0 und d
010 _a178042
090 _aF 305 1968
110 _aSAG Dirección General De Avicultura y Otras Especies Menores
_9162655
245 _aEmpleo de la Miel en la Industria Panificadora.
260 _aMéxico :
_b SAG Dirección General De Avicultura y Otras Especies Menores,
_c1968
901 _aF 305 1968
902 _aA
905 _a0000001968 MX 0000000000SPA00
942 _c12
999 _c178042
_d178042